| 000 | 00422nam a22001697a 4500 | ||
|---|---|---|---|
| 005 | 20250222105940.0 | ||
| 008 | 250222b |||||||| |||| 00| 0 eng d | ||
| 020 | _a9780273624448 | ||
| 050 |
_aHF5635 _bGLA |
||
| 100 | _aGlutier, M W E | ||
| 245 | _aAccounting theory and practice | ||
| 250 | _a6th | ||
| 260 |
_aLondon _bPitman Publishing _cc1997 |
||
| 300 | _axv, 744p | ||
| 700 | _aUnderdown, B. | ||
| 942 |
_2lcc _cBK _n0 |
||
| 999 |
_c4121 _d4121 |
||